000 00689nam a22002417a 4500
008 130701b xxu||||| |||| 00| 0 eng d
020 _a978-0333-91833-3
024 _cAvailable
037 _cAvailable
040 _aMBSTU LIBRARY
_dMBSTU LIBRARY
082 _222
_a530.41 DES
100 _aDekker, A.J.
245 _aSolid state physics .
260 _aNew Delhi
_bMac Millan Publishers.
_c1958
300 _a22 cm.
_bxiv, 540 Page.
_f10
_g22 cm.
600 _2Solid state physics.
650 _2Solid state physics.
700 _aDekker, A.J.
270 _aNew Delhi
_bNew Delhi
_dIndia
365 _b695.00
_d695.00
942 _2ddc
_cBK
999 _c556
_d556